[Event "Steyr Landesliga 1213"]
[Site "Austria"]
[Date "2013.04.13"]
[Round "9.8"]
[White "Farajov, Nidshat"]
[Black "Schweighofer, Alois"]
[Result "0-1"]
[WhiteElo "1524"]
[BlackElo "1946"]
[PlyCount "110"]
[EventDate "2012.09.22"]
[EventType "team-tourn"]
[EventRounds "11"]
[EventCountry "AUT"]
[SourceTitle "EXT 2014"]
[Source "ChessBase"]
[SourceDate "2013.11.20"]
[SourceVersion "1"]
[SourceVersionDate "2013.11.20"]
[SourceQuality "1"]
[WhiteTeam "Leibnitz"]
[BlackTeam "Graz Schachfreunde"]
[WhiteTeamCountry "AUT"]
[BlackTeamCountry "AUT"]

1. e4 d5 2. exd5 Qxd5 3. Nc3 Qa5 4. Nf3 Nf6 5. h3 Bf5 6. Bc4 e6 7. 0-0 c6 8. d3 Nbd7 9. Bd2 Qc7 10. Re1 Bd6 11. Nh4 Bg6 12. d4 0-0-0 13. a4 Nb6 14. b3 Bh2+ 15. Kh1 Rxd4 16. Nf3 Bh5 17. g4 Nxg4 18. hxg4 Bxg4 19. Be2 Bxf3+ 20. Bxf3 Rhd8 21. Re2 Bf4 22. Nb1 Qd6 23. c3 Rd3 24. Be4 Rxd2 25. Nxd2 Bxd2 26. Qc2 Qf4 27. a5 Qh4+ 28. Kg1 Qg5+ 29. Bg2 Na8 30. a6 b5 31. Rd1 Bf4 32. Rxd8+ Kxd8 33. Qxh7 Nc7 34. Qg8+ Ke7 35. Qb8 Qc5 36. Qb7 Qxc3 37. Qxa7 Qa1+ 38. Bf1 Qxa6 39. Qd4 g5 40. Re1 Qa3 41. Qc3 Qd6 42. Qf3 Nd5 43. Ra1 Qc5 44. Qh3 Qd4 45. Ra6 g4 46. Qh4+ Nf6 47. Rxc6 g3 48. Rc2 b4 49. Ra2 gxf2+ 50. Rxf2 Be3 51. Qxd4 Bxd4 52. Kg2 Bxf2 53. Kxf2 Kd6 54. Bc4 Ng4+ 55. Ke2 Ne5 0-1